| Record ID | ia:scienceinaction0000unse |
| Source | Internet Archive |
| Download MARC XML | https://archive.org/download/scienceinaction0000unse/scienceinaction0000unse_marc.xml |
| Download MARC binary | https://www.archive.org/download/scienceinaction0000unse/scienceinaction0000unse_meta.mrc |
LEADER: 07198cam 2201285 a 4500
001 ocm13820884
003 OCoLC
005 20200526093050.0
008 860613s1987 maua b 001 0 eng
010 $a 86016326
040 $aDLC$beng$cDLC$dNLM$dEL$$dMUQ$dNLGGC$dBTCTA$dYDXCP$dBAKER$dAU@$dIAK$dDEBBG$dDEBSZ$dBDX$dGBVCP$dOCLCF$dEIP$dBEDGE$dMDAVP$dOCLCQ$dCTB$dCSJ$dOCLCO$dOCLCA$dOCLCQ$dIOG$dOCLCQ$dPAU$dOCLCA$dOCLCQ$dOCLCA$dBGU$dOCLCQ$dUKUOY$dOCLCQ$dQHU$dL2U$dUMK$dOCLCA$dOCLCQ$dFCL
016 7 $a9002048$2DNLM
019 $a15586118$a15637288$a21197977$a775893952
020 $a0674792904
020 $a9780674792906
020 $z0335153577
020 $z0335153569$q(pbk.)
020 $a0674792912
020 $a9780674792913
035 $a(OCoLC)13820884$z(OCoLC)15586118$z(OCoLC)15637288$z(OCoLC)21197977$z(OCoLC)775893952
050 00 $aQ175.5$b.L38 1987
060 00 $aQ 175.5$bL359s 1989
082 00 $a306/.45$219
084 $a02.02$2bcl
084 $a02.10$2bcl
084 $aAK 26100$2rvk
084 $aCC 3200$2rvk
084 $aCC 8700$2rvk
084 $aMQ 3445$2rvk
084 $aMR 3600$2rvk
084 $aNU 1500$2rvk
084 $aTB 6400$2rvk
084 $a10$2ssgn
084 $a02.11$2bcl
100 1 $aLatour, Bruno.
245 10 $aScience in action :$bhow to follow scientists and engineers through society /$cBruno Latour.
260 $aCambridge, Mass. :$bHarvard University Press,$c1987.
300 $a274 pages :$billustrations ;$c24 cm.
336 $atext$btxt$2rdacontent
337 $aunmediated$bn$2rdamedia
338 $avolume$bnc$2rdacarrier
504 $aIncludes bibliographical references (pages 266-270) and index.
505 0 $aIntroduction: Opening Pandora's black box -- pt. I: From weaker to stronger rhetoric. Literature ; Laboratories -- pt. II: From weak points to strongholds. Machines ; Insiders out -- pt. III: From short to longer networks. Tribunals of reason ; Centres of calculation -- Appendix 1: Rules of method -- Appendix 2: Principles.
520 $a"Science and technology have immense authority and influence in our society, yet their working remains little understood. The conventional perception of science in Western societies has been modified in recent years by the work of philosophers, sociologists and historians of science. In this book Bruno Latour brings together these different approaches to provide a lively and challenging analysis of science, demonstrating how social context and technical content are both essential to a proper understanding of scientific activity. Emphasizing that science can only be understood through its practice, the author examines science and technology in action: the role of scientific literature, the activities of laboratories, the institutional context of science in the modern world, and the means by which inventions and discoveries become accepted. From the study of scientific practice he develops an analysis of science as the building of networks. Throughout, Bruno Latour shows how a lively and realistic picture of science in action alters our conception of not only the natural sciences but also the social sciences and the sociology of knowledge in general. This stimulating book, drawing on a wealth of examples from a wide range of scientific activities, will interest all philosophers, sociologists and historians of science, scientists and engineers, and students of the philosophy of social science and the sociology of knowledge". Harvard University Press.
650 0 $aScience$xSocial aspects.
650 0 $aTechnology$xSocial aspects.
650 0 $aScience$xHistory.
650 0 $aScience$xPhilosophy.
650 2 $aPhilosophy.
650 2 $aScience.
650 2 $aSocial Desirability.
650 2 $aSocial Environment.
650 2 $aTechnology.
650 4 $aCiencia$xAspectos sociales.
650 4 $aTecnología$xAspectos sociales.
650 4 $aCiencia$xFilosofía.
650 6 $aSciences$xAspect social.
650 6 $aTechnologie$xAspect social.
650 6 $aSciences$xHistoire.
650 6 $aSciences$xPhilosophie.
650 6 $aTechnologie$xHistoire.
650 7 $a02.11 sociology of science.$2bcl
650 7 $aSciences.$2eclas
650 7 $aTechnologie.$2eclas
650 7 $aRecherche scientifique et technique.$2eclas
650 7 $aAspects sociaux.$2eclas
650 7 $aHistoire.$2eclas
650 7 $aScience.$2fast$0(OCoLC)fst01108176
650 7 $aScience$xPhilosophy.$2fast$0(OCoLC)fst01108336
650 7 $aScience$xSocial aspects.$2fast$0(OCoLC)fst01108360
650 7 $aTechnology$xSocial aspects.$2fast$0(OCoLC)fst01145202
650 7 $aGesellschaft$2gnd
650 7 $aNaturwissenschaften$2gnd
650 7 $aTechniksoziologie$2gnd
650 17 $aWetenschapsbeoefening.$2gtt
650 17 $aTechnologie.$2gtt
650 17 $aWetenschapssociologie.$2gtt
650 7 $a02.11 sociology of science.$2nbc
650 7 $aSciences$xAspect social.$2ram
650 7 $aPhilosophie des sciences.$2ram
648 7 $aGeschichte.$2swd
653 0 $aGeschichte
655 7 $aHistory.$2fast$0(OCoLC)fst01411628
776 08 $iOnline version:$aLatour, Bruno.$tScience in action.$dCambridge, Mass. : Harvard University Press, 1987$w(OCoLC)681755896
856 41 $3Table of contents$uhttp://bvbr.bib-bvb.de:8991/F?func=service&doc_library=BVB01&doc_number=005346732&line_number=0001&func_code=DB_RECORDS&service_type=MEDIA
856 41 $3Table of contents$uhttp://www.gbv.de/dms/bowker/toc/9780674792913.pdf
856 41 $3Table of contents$uhttp://bvbr.bib-bvb.de:8991/F?func=service&doc_library=BVB01&local_base=BVB01&doc_number=005346732&line_number=0001&func_code=DB_RECORDS&service_type=MEDIA
856 42 $uhttp://library.ccsu.edu/help/spcoll/oconnell/Science%20in%20Action.pdf$zO'Connell Notes (PDF)
856 42 $uhttp://library.ccsu.edu/help/spcoll/oconnell/index.htm$zEntire Brian O'Connell Collection
856 4 $zInhaltsverzeichnis$uhttp://bvbm2.bib-bvb.de:8993/F?func=service&doc_library=BVB01&doc_number=005346732&line_number=0001&func_code=DB_RECORDS&service_type=MEDIA
856 4 $uhttp://bvbr.bib-bvb.de:8991/F?func=service&doc%5Flibrary=BVB01&doc%5Fnumber=005346732&line%5Fnumber=0001&func%5Fcode=DB%5FRECORDS&service%5Ftype=MEDIA$yInhaltsverzeichnis
856 $uhttp://bvbr.bib-bvb.de:8991/F?func=service&doc_library=BVB01&local_base=BVB01&doc_number=005346732&sequence=000002&line_number=0001&func_code=DB_RECORDS&service_type=MEDIA$zInhaltsverzeichnis
938 $aBaker & Taylor$bBKTY$c26.00$d26.00$i0674792912$n0001431904$sactive
938 $aBrodart$bBROD$n37688545$c$25.00
938 $aBaker and Taylor$bBTCP$n86016326
938 $aYBP Library Services$bYANK$n537743
029 1 $aAU@$b000004633375
029 1 $aCHNEW$b000137287
029 1 $aCHVBK$b479326975
029 1 $aDEBBG$bBV008113879
029 1 $aDEBSZ$b012836273
029 1 $aGBVCP$b013681230
029 1 $aNLGGC$b041182294
029 1 $aNLM$b9002048
029 1 $aNZ1$b196628
029 1 $aNZ1$b2971735
029 1 $aYDXCP$b537742
029 1 $aYDXCP$b537743
994 $aZ0$bP4A
948 $hHELD BY P4A - 903 OTHER HOLDINGS